Oil Politics in the 1980s : Pattern of International Cooperation

সংরক্ষণ করুন:
গ্রন্থ-পঞ্জীর বিবরন
প্রধান লেখক: Noreng, Oystein
বিন্যাস: গ্রন্থ
ভাষা:Undetermined
প্রকাশিত: New York McGraw-Hill Book Company 1978
বিষয়গুলি:
ট্যাগগুলো: ট্যাগ যুক্ত করুন
কোনো ট্যাগ নেই, প্রথমজন হিসাবে ট্যাগ করুন!
Thư viện lưu trữ: Trung tâm Học liệu Trường Đại học Cần Thơ
LEADER 00520nam a2200181Ia 4500
001 CTU_85219
008 210402s9999 xx 000 0 und d
082 |a 382.42 
082 |b N834 
100 |a Noreng, Oystein 
245 0 |a Oil Politics in the 1980s : 
245 0 |b Pattern of International Cooperation 
245 0 |c Oystein Noreng 
260 |a New York 
260 |b McGraw-Hill Book Company 
260 |c 1978 
650 |a Petroleum Industry and Trade 
980 |a Trung tâm Học liệu Trường Đại học Cần Thơ